| 000 | 00627nam a2200229Ia 4500 | ||
|---|---|---|---|
| 008 | 180523s9999 xx 000 0 und d | ||
| 020 | _a81-7446-309-7 | ||
| 050 | _aMAIN TS 156 | ||
| 050 | _b.C43 2002 | ||
| 100 | _aChalapathi, R.S. | ||
| 245 | 0 | _aDeveloping 6 sigma competencies / | |
| 245 | 0 | _cR.S. Chalapathi. | |
| 260 | _aNew Delhi : | ||
| 260 | _bExcel Books., | ||
| 260 | _c2002 | ||
| 300 | _a158 pages : | ||
| 300 | _c21 cm. | ||
| 500 | _aIncludes index. | ||
| 650 | _aProduction management -- Quality control. | ||
| 650 | _aSix sigma (Quality control standard). | ||
| 650 | _xTotal quality management. | ||
| 999 |
_c357717 _d357717 |
||